Low -intensity conflict / (Record no. 190632)
[ view plain ]
| 000 -LEADER | |
|---|---|
| fixed length control field | 00780 a2200169 4500 |
| 003 - CONTROL NUMBER IDENTIFIER | |
| control field | NUST |
| 005 - DATE AND TIME OF LATEST TRANSACTION | |
| control field | 20221228132825.0 |
| 040 ## - CATALOGING SOURCE | |
| Transcribing agency | Nust |
| 082 ## - DEWEY DECIMAL CLASSIFICATION NUMBER | |
| Classification number | 355.4,GAL |
| 100 ## - MAIN ENTRY--PERSONAL NAME | |
| Personal name | Gallagher.J James CSM |
| 9 (RLIN) | 106215 |
| 245 ## - TITLE STATEMENT | |
| Title | Low -intensity conflict / |
| Medium | CSM james j. Gallagher |
| 260 ## - PUBLICATION, DISTRIBUTION, ETC. | |
| Place of publication, distribution, etc. | Rawalipind |
| Name of publisher, distributor, etc. | SAleem book centre, Lahore |
| Date of publication, distribution, etc. | 2002 |
| 300 ## - PHYSICAL DESCRIPTION | |
| Extent | x,210 p .; |
| 505 ## - FORMATTED CONTENTS NOTE | |
| Formatted contents note | Command control Communications and Intelligence (Page-9), Insurgency and Counterinsurgency (Page-33), Combating Terrorism (Page-77), Peacekeeping Operations (Page-109), Peacetime Contingency Operations (Page-131), Counter narcotics (Page-155), Combat Support (Page-169), Combat Services Support (Page-181). |
| 651 ## - SUBJECT ADDED ENTRY--GEOGRAPHIC NAME | |
| Geographic name | A guide for tactics, techniques, and procedures |
| 9 (RLIN) | 106216 |
| 942 ## - ADDED ENTRY ELEMENTS (KOHA) | |
| Source of classification or shelving scheme | |
| Koha item type | Book |
| Call number prefix | 355.4,GAL |
| Withdrawn status | Lost status | Source of classification or shelving scheme | Damaged status | Not for loan | Permanent Location | Current Location | Shelving location | Date acquired | Full call number | Barcode | Date last seen | Price effective from | Koha item type | Public note | Total Checkouts |
|---|---|---|---|---|---|---|---|---|---|---|---|---|---|---|---|
| Military College of Signals (MCS) | Military College of Signals (MCS) | General Stacks | 12/12/2016 | 355.4,GAL | MCS32117 | 12/08/2016 | 12/12/2016 | Book | Almirah No.74, Shelf No.2 | ||||||
| Military College of Signals (MCS) | Military College of Signals (MCS) | General Stacks | 12/12/2016 | 355.4,GAL | MCS36791 | 12/08/2016 | 12/12/2016 | Book | Almirah No.53, Shelf No.3 | ||||||
| Military College of Signals (MCS) | Military College of Signals (MCS) | General Stacks | 12/28/2022 | 355.4,GAL | MCS32053 | 12/28/2022 | 12/28/2022 | Book | Almirah No.53, Shelf No.3 | ||||||
| Military College of Signals (MCS) | Military College of Signals (MCS) | General Stacks | 12/28/2022 | 355.4,GAL | MCS32108 | 12/28/2022 | 12/28/2022 | Book | Almirah No.74, Shelf No.2 | ||||||
| Military College of Signals (MCS) | Military College of Signals (MCS) | General Stacks | 03/08/2023 | 355.4,GAL | MCS36497 | 03/08/2023 | 03/08/2023 | Book | Almirah No.74, Shelf No.2 |
